00562nam a2200145Ia 4500008004100000100002400041245013600065245002300201260000900224300002900233440004200262650002100304999001900325952007200344171207s9999 xx 000 0 und d aDwivedi, Amit Kumar 2aA Resilient Asia Amidst Global Financial Crisis: From Crisis Management to Global Leadership by Harinder S. Kohli and Ashok Sharma  cAmit Kumar Dwivedi c2017 apages 130-32, March 2017 aThe Journal of Entrepreneurshipv26:1 aFINANCIAL CRISIS c347567d347567 001040aCLbCLd2017-12-07l0r2017-12-07 00:00:00w2017-12-07ySE